000 00299nam a2200121Ia 4500
008 190216s9999||||xx |||||||||||||| ||und||
100 _aJack London
245 4 _aThe Call Of The Wild
260 _bHeinemann Educational Books Ltd
_c1967
300 _a112p
650 _aEnglish General
942 _cBK
999 _c12456
_d12456